Fight for the family. (Record no. 14606)

000 -LEADER
fixed length control field 00638nam a2200205 a 4500
001 - CONTROL NUMBER
control field :::00012438$&:&@@
003 - CONTROL NUMBER IDENTIFIER
control field OkBaRHE
005 - DATE AND TIME OF LATEST TRANSACTION
control field 20000607103419.0
008 - FIXED-LENGTH DATA ELEMENTS--GENERAL INFORMATION
fixed length control field s1981 j 000 0 eng u
020 ## - INTERNATIONAL STANDARD BOOK NUMBER
International Standard Book Number 0310218411
040 ## - CATALOGING SOURCE
Transcribing agency
100 1# - MAIN ENTRY--PERSONAL NAME
Personal name Briscoe, Jill.
245 10 - TITLE STATEMENT
Title Fight for the family.
260 ## - PUBLICATION, DISTRIBUTION, ETC. (IMPRINT)
Place of publication, distribution, etc Grand Rapids, MI., :
Name of publisher, distributor, etc Zondervan
Date of publication, distribution, etc c1981
300 ## - PHYSICAL DESCRIPTION
Extent 186 p. ;
Dimensions 21 cm.
650 ## - SUBJECT ADDED ENTRY--TOPICAL TERM
Topical term or geographic name as entry element Bible Old Testament Nehemiah
General subdivision Criticism, Interpretation, etc.
650 ## - SUBJECT ADDED ENTRY--TOPICAL TERM
Topical term or geographic name as entry element Family
General subdivision Religious life
942 ## - ADDED ENTRY ELEMENTS (KOHA)
Source of classification or shelving scheme
Koha item type Books
Copies
Damaged status Source of classification or shelving scheme Not for loan Lost status Withdrawn status Price effective from Full call number Shelving location Koha item type Date acquired Date last seen Permanent Location Barcode Copy number
     2010-04-14HQ 734 .B8158General StacksBooks2010-04-142010-04-14RHEMA Bible Training College124381